Statistiken für Länder in der Nähe von Kuwait

Klicken Sie hier um das Quiz zu spielen!

Allgemein

  • Dieses Quiz wurde 87 mal gespielt
  • Das Durchschnittsergebnis liegt bei 18 aus 20

Antwortstatistiken

kmLand% Korrekt
807Oman
100%
0Saudi-Arabien
100%
0Irak
99%
20Iran
99%
1106Jemen
99%
1093Israel
97%
560Vereinigte
Arabische Emirate
97%
379Katar
96%
815Türkei
94%
1207Afghanistan
92%
322Bahrain
92%
1099Libanon
92%
776Jordanien
90%
761Syrien
90%
1132Ägypten
88%
1207Pakistan
88%
983Armenien
86%
928Aserbaidschan
86%
975Turkmenistan
72%
1096Palästina
49%

Verteilung der Resultate

Perzentil nach korrekt beantworteten Fragen

Anzahl Personen mit jedem Resultat

Ihre Resultats-Entwicklung

Sie haben dieses Quiz noch nicht gespielt